[Event "Challenge"]
[Site "http://www.queenalice.com/game.php?id=869921"]
[Date "2010.12.9"]
[Round "-"]
[White "Reginato"]
[Black "gessi86"]
[Result "1-0"]
[WhiteElo "1749"]
[BlackElo "1251"]

1. e4 e5 2. Qh5 Nf6 3. Qxe5+ Be7 4. Qg5 Kf8 5. e5 Ne4 6. Qe3 Nc5 7. d4 Ne6 8. d5
Nc5 9. d6 cxd6 10. Nc3 Nc6 11. exd6 Bxd6 12. Nb5 Qa5+ 13. Bd2 Qa4 14. Nxd6 g6
15. Bc3 Rg8 16. Qxc5 b6 17. Qe3 Bb7 18. O-O-O Nd8 19. Qe8# 1-0

[Event "Nova Fase 1 x 0"]
[Site "http://www.queenalice.com/game.php?id=889014"]
[Date "2011.1.21"]
[Round "-"]
[White "gessi86"]
[Black "Reginato"]
[Result "0-1"]
[WhiteElo "1249"]
[BlackElo "1784"]

1. e3 e5 2. Nf3 e4 3. Ne5 f6 4. Nc4 d5 5. Na5 Be6 6. Nxb7 Qc8 7. Na5 Bb4 8. Nb3
Ne7 9. c3 Bd6 10. Qh5+ Ng6 11. Nd4 c6 12. Qd1 O-O 13. Qa4 Be5 14. Nb3 c5 15. d4
Bd7 16. Qa3 cxd4 17. cxd4 Bd6 18. Qxd6 Qc6 19. Qb4 Rc8 20. Nc5 a5 21. Qb7 Qxb7
22. Nxb7 Rxc1+ 23. Kd2 Rc7 24. Nd6 a4 25. Bb5 Bxb5 26. Nxb5 Rb7 27. N1c3 Rb6 28.
b3 a3 29. Nc7 Ra7 30. N7xd5 Rc6 31. Rhc1 Rd7 32. f3 Nh4 33. Nf4 g5 34. Nfd5 exf3
35. gxf3 Nxf3+ 36. Ke2 g4 37. h3 Re6 38. hxg4 Nxd4+ 39. Kf2 Nbc6 40. exd4 Nxd4
41. Rf1 Rf7 42. Rae1 Re5 43. Kg2 Rg5 44. Rxf6 Rxg4+ 45. Kh3 h5 46. Re8+ Kg7 47.
Re7 Rxe7 48. Nxe7 Kxf6 49. Ned5+ Kg5 50. Ne3 Rg1 51. Kh2 Rc1 52. Ned1 h4 53.
Ne4+ Kf4 54. Nec3 Nxb3 55. axb3 Rxd1 56. Nxd1 a2 57. b4 a1=Q 58. b5 Qf6 59. Nc3
Qxc3 60. b6 Qg3+ 61. Kh1 Kf3 62. b7 Qg2# 0-1

[Event "Challenge"]
[Site "http://www.queenalice.com/game.php?id=933402"]
[Date "2011.5.3"]
[Round "-"]
[White "jairo366"]
[Black "gessi86"]
[Result "0-1"]
[WhiteElo "1334"]
[BlackElo "1247"]

1. e4 e5 2. Nf3 Nf6 3. Nxe5 Nxe4 4. Qe2 f5 5. d3 d6 6. dxe4 dxe5 7. exf5 Nc6 8.
Nc3 Bxf5 9. f4 Nd4 10. Qf2 Nxc2+ 0-1

[Event "Challenge"]
[Site "http://www.queenalice.com/game.php?id=933739"]
[Date "2011.5.3"]
[Round "-"]
[White "gessi86"]
[Black "Cosette"]
[Result "1-0"]
[WhiteElo "1264"]
[BlackElo "1484"]

1. e4 e5 2. Nf3 d6 3. Bb5+ Bd7 4. Bc4 b5 5. Bd5 c6 6. Bb3 a5 7. a4 Na6 8. axb5
cxb5 9. d3 Nf6 10. Ng5 h6 11. Nxf7 Qc8 12. Nxh8 a4 13. Bf7+ Ke7 14. Nc3 Be8 15.
Bg6 b4 16. Nd5+ Ke6 17. Nb6 Qb8 18. Nxa8 Qxa8 19. g4 Nc5 20. b3 a3 21. Qf3 Ncd7
22. g5 hxg5 23. Bxg5 Qc6 24. Bxe8 Qc3+ 25. Ke2 Qxc2+ 26. Ke3 Qc5+ 27. Ke2 d5 28.
Qf5+ Kd6 29. Rac1 Qb6 30. h4 Nxe8 31. Nf7# 1-0

[Event "Challenge"]
[Site "http://www.queenalice.com/game.php?id=934250"]
[Date "2011.5.4"]
[Round "-"]
[White "Cosette"]
[Black "gessi86"]
[Result "1-0"]
[WhiteElo "1535"]
[BlackElo "1271"]

1. e4 e5 2. Qf3 Bc5 3. Bc4 Nf6 4. d3 Nc6 5. Bg5 Nd4 6. Qd1 c6 7. c3 Ne6 8. Bxf6
Qxf6 9. Qf3 Qh4 10. g3 Qf6 11. Qxf6 gxf6 12. Nf3 Ng5 13. Nxg5 fxg5 14. b4 Bf8
15. g4 d6 16. Nd2 Bxg4 17. Rg1 h5 18. f3 Bc8 19. Rxg5 Be7 20. Rg7 Bh4+ 21. Ke2
Kf8 22. Rag1 Bf6 23. Rxf7+ Ke8 24. Rxf6 Ke7 25. Rf7+ Kd8 26. Rg6 a5 27. Rxd6+
Ke8 28. Rg6 b5 29. Rc7 bxc4 30. Nxc4 Kd8 31. Rcg7 Bd7 32. Nd6 Kc7 33. Nf7 Rhe8
34. d4 exd4 35. cxd4 axb4 36. Ne5 Rad8 37. Rg1 Kb6 38. d5 Rxe5 39. dxc6 Bxc6 40.
Rc1 Ra5 41. Rc2 Bb5+ 42. Ke3 Bd7 43. Rg6+ Kb7 44. Rc4 Rb5 45. Rd4 Kc7 46. Ra6
Kb7 47. Rad6 Kc7 48. Ra6 Rb6 49. Ra7+ Kc8 50. Ra8+ Kc7 51. Rc4+ Bc6 52. Ra5 Kb7
53. Rxh5 Rf8 54. Rh7+ Ka6 55. h4 Be8 56. f4 Bb5 57. Rxb4 Rbf6 58. f5 Re8 59. a4
Ka5 60. Rxb5+ 1-0

[Event "Challenge"]
[Site "http://www.queenalice.com/game.php?id=934425"]
[Date "2011.5.5"]
[Round "-"]
[White "Cosette"]
[Black "gessi86"]
[Result "1-0"]
[WhiteElo "1518"]
[BlackElo "1287"]

1. e4 e5 2. Bc4 Nf6 3. d3 Bc5 4. Be3 Bb4+ 5. c3 Bf8 6. g3 Ng4 7. Bc1 Qf6 8. Qxg4
Bc5 9. Be3 b6 10. Bxc5 bxc5 11. Na3 Nc6 12. Nb5 Kd8 13. Rd1 d6 14. Qe2 h5 15. h4
Ba6 16. Nxc7 Bxc4 17. Nxa8 Bxa2 18. Ra1 Be6 19. Ra6 Bd7 20. Nf3 Ke7 21. Nc7 Rb8
22. Nd5+ Ke6 23. Nxf6 Kxf6 24. Ng5 Ke7 25. Qxh5 g6 26. Qh7 Be8 27. f4 Rxb2 28.
Rf1 Nb8 29. Rxa7+ Nd7 30. Ra8 Nf8 31. Ra7+ Kd8 32. Qg7 Rb3 33. Qf6+ Kc8 34. Qe7
Kb8 35. Qc7# 1-0

[Event "Challenge"]
[Site "http://www.queenalice.com/game.php?id=934426"]
[Date "2011.5.5"]
[Round "-"]
[White "gessi86"]
[Black "Cosette"]
[Result "1-0"]
[WhiteElo "1280"]
[BlackElo "1495"]

1. e4 e5 2. Nf3 d6 3. Bc4 Be6 4. Bb5+ c6 5. Bf1 g6 6. d3 c5 7. Ng5 h6 8. Nf3 Bg4
9. Nc3 Nc6 10. Be3 Nb4 11. Nd5 Nxd5 12. exd5 Bf5 13. Nd2 Qa5 14. c3 Nf6 15. Qb3
Bc8 16. Nc4 Qd8 17. f4 e4 18. d4 cxd4 19. Bxd4 b6 20. Ne3 h5 21. Qc4 Bh6 22.
Qc6+ Bd7 23. Qxd6 Rg8 24. Bxf6 Bf8 25. Qe5+ Be7 26. d6 Be6 27. Rd1 g5 28. Bxe7
Qd7 29. fxg5 Rc8 30. Bb5 Rc6 31. Rf1 a6 32. Bxa6 Rc5 33. Rd5 Rxd5 34. Nxd5 Bxd5
35. Qxd5 f6 36. Qxg8# 1-0

[Event "Nova Fase 2 x 0"]
[Site "http://www.queenalice.com/game.php?id=934818"]
[Date "2011.5.6"]
[Round "-"]
[White "gessi86"]
[Black "Reginato"]
[Result "0-1"]
[WhiteElo "1262"]
[BlackElo "1868"]

1. e4 e5 2. Nf3 d6 3. Bb5+ c6 4. Bc4 a5 5. d3 h6 6. a4 Nf6 7. h3 Nbd7 8. g4 d5
9. Bb3 Nc5 10. Nxe5 Nxb3 11. cxb3 Bb4+ 12. Bd2 O-O 13. O-O Be6 14. Qe1 Qd6 15.
Bf4 Bxe1 16. Rxe1 Qb4 0-1

[Event "Challenge"]
[Site "http://www.queenalice.com/game.php?id=935423"]
[Date "2011.5.8"]
[Round "-"]
[White "gessi86"]
[Black "Cosette"]
[Result "0-1"]
[WhiteElo "1266"]
[BlackElo "1562"]

1. e3 e5 2. Nf3 d6 3. Nc3 Bg4 4. g3 e4 5. Nxe4 d5 6. Neg5 h6 7. Nh3 Qd7 8. Nf4
Qc6 9. Bh3 Bxh3 10. Nxh3 Nf6 11. Ne5 Qd6 12. f4 Nfd7 13. d4 Nxe5 14. dxe5 Qc6
15. Nf2 Bb4+ 16. Bd2 Bc5 17. Qg4 Rg8 18. Qc8+ Ke7 19. Qxg8 g6 20. Ng4 Qe8 21.
Nxh6 Qxg8 22. Nxg8+ Kf8 23. Nf6 c6 24. h4 Be7 25. Ng4 Nd7 26. h5 gxh5 27. Rxh5
Rb8 28. Rf5 f6 29. exf6 Bd8 30. Bb4+ Kf7 31. Rd1 Nb6 32. Ke2 Bc7 33. Nh6+ Kg6
34. Rh1 Nd7 0-1

[Event "AUTO-OPEN-2356"]
[Site "http://www.queenalice.com/game.php?id=935622"]
[Date "2011.5.8"]
[Round "1"]
[White "jeffcom2f"]
[Black "gessi86"]
[Result "1-0"]
[WhiteElo "1945"]
[BlackElo "1289"]

1. c4 e5 2. Nc3 Nc6 3. g3 Bb4 4. Bg2 Na5 5. d3 d6 6. Qa4+ Nc6 7. Bxc6+ Ke7 8.
Qxb4 bxc6 9. Be3 c5 10. Qa3 Nf6 11. Bg5 h6 12. Bxf6+ gxf6 13. Nf3 Bb7 14. e4 f5
15. Nh4 f4 16. gxf4 exf4 17. Nf5+ Kd7 18. b3 Qf6 19. b4 cxb4 20. Qxb4 Bc6 21.
Rg1 Rab8 22. Qa3 Rb7 23. d4 Qxd4 24. Nxd4 Bxe4 25. Nxe4 1-0

[Event "AUTO-OPEN-2356"]
[Site "http://www.queenalice.com/game.php?id=935623"]
[Date "2011.5.8"]
[Round "1"]
[White "gessi86"]
[Black "jeffcom2f"]
[Result "0-1"]
[WhiteElo "1305"]
[BlackElo "1889"]

1. e4 d5 2. Nc3 dxe4 3. Nxe4 Nc6 4. Bb5 Bf5 5. Ng5 e5 6. d3 h6 7. N5f3 Qf6 8.
Qe2 Bd6 9. Nd4 Ne7 10. g4 Bxd3 11. cxd3 exd4 12. Bd2 O-O-O 13. Rc1 Rhe8 14. a4
a6 15. Ra1 Ng6 16. Be3 dxe3 17. fxe3 axb5 18. axb5 Bb4+ 19. Kd1 Na5 20. b3 Qxa1+
0-1

[Event "AUTO-OPEN-2356"]
[Site "http://www.queenalice.com/game.php?id=935646"]
[Date "2011.5.8"]
[Round "1"]
[White "gessi86"]
[Black "adrb"]
[Result "0-1"]
[WhiteElo "1266"]
[BlackElo "1426"]

1. e4 e6 2. Nf3 d5 3. d3 c5 4. Ng5 h6 5. Nf3 Nc6 6. Nc3 d4 7. Nb5 a6 8. Na3 Bd6
9. Nc4 Bc7 10. c3 b5 11. Na3 Nge7 12. c4 Bd6 13. cxb5 axb5 14. Nxb5 Qa5+ 15. Nd2
Qxb5 16. Nc4 Bc7 17. a4 Qb8 18. Qe2 Ng6 19. g3 O-O 20. b3 Qxb3 21. Nd2 Ba5 22.
Bh3 Nce5 23. Kf1 Qb7 24. Ba3 Bb4 25. Nb3 f5 26. Nxc5 Bxc5 27. Bxc5 fxe4 28. dxe4
d3 29. Qa2 Qa6 30. Rb1 d2+ 31. Kg2 Rf6 0-1

[Event "AUTO-OPEN-2356"]
[Site "http://www.queenalice.com/game.php?id=935647"]
[Date "2011.5.8"]
[Round "1"]
[White "adrb"]
[Black "gessi86"]
[Result "1-0"]
[WhiteElo "1218"]
[BlackElo "1280"]

1. d4 e6 2. c4 Nf6 3. Nc3 Bb4 4. Qc2 Ne4 5. Qxe4 Nc6 6. e3 f5 7. Qc2 g6 8. Nf3
Bxc3+ 9. bxc3 d5 10. Be2 dxc4 11. Bxc4 Na5 12. Bd3 b6 13. e4 Qe7 14. O-O Bb7 15.
Bf4 fxe4 16. Bxe4 Bxe4 17. Qxe4 c6 18. Rfe1 Qa3 19. Qxe6+ Kd8 20. Ng5 Qe7 21.
Qxe7+ 1-0

[Event "AUTO-OPEN-2356"]
[Site "http://www.queenalice.com/game.php?id=935648"]
[Date "2011.5.8"]
[Round "1"]
[White "gessi86"]
[Black "johnny"]
[Result "0-1"]
[WhiteElo "1287"]
[BlackElo "1591"]

1. e4 e5 2. Nf3 d6 3. Bc4 Nf6 4. Ng5 d5 5. Bb5+ Bd7 6. Bd3 Nxe4 7. Nxe4 dxe4 8.
Bxe4 c6 9. d3 Qb6 10. Be3 Qxb2 11. Nd2 Bg4 12. f3 Be6 13. Qb1 Qxb1+ 14. Nxb1 Be7
15. Nc3 O-O 16. Rb1 Bc8 17. d4 exd4 18. Bxd4 Re8 19. Ne2 Bf6 20. Bd3 Bxd4 21.
Rb4 c5 22. Rb3 b6 23. Be4 Rxe4 24. fxe4 Nd7 25. Rf1 Ne5 26. h3 c4 27. Rg3 g6 28.
Nxd4 Ba6 29. Rf5 Re8 30. Nf3 Nxf3+ 31. gxf3 Kh8 32. Rd5 Bb7 33. Rd7 Bxe4 34.
fxe4 Rxe4+ 35. Kf2 Rf4+ 36. Ke3 Rf1 37. Rf3 Rxf3+ 38. Kxf3 a5 39. Rxf7 Kg8 40.
Rb7 h5 0-1

[Event "AUTO-OPEN-2356"]
[Site "http://www.queenalice.com/game.php?id=935649"]
[Date "2011.5.8"]
[Round "1"]
[White "johnny"]
[Black "gessi86"]
[Result "1-0"]
[WhiteElo "1432"]
[BlackElo "1300"]

1. e4 Nf6 2. d3 e5 3. Nf3 Ng4 4. d4 Nf6 5. Nc3 d6 6. dxe5 dxe5 7. Nxe5 Bd6 8.
Nf3 Bc5 9. Ne5 Nc6 10. Nxc6 bxc6 11. Qxd8+ Kxd8 12. Bc4 Bb4 13. e5 Ne4 14. O-O
Bxc3 15. bxc3 Nxc3 16. Bxf7 Rf8 17. e6 h6 18. Bb2 Ne2+ 19. Kh1 Nf4 20. Bxg7 Bxe6
21. Bxf8 Bxf7 22. Bxh6 Ne2 23. Rfd1+ Bd5 24. c4 Nc3 25. Bg5+ Kc8 26. Rdc1 Ne4
27. cxd5 Nxg5 28. dxc6 Ne4 29. Kg1 Kd8 30. Rd1+ Kc8 31. Re1 Nd6 32. Rab1 Nc4 33.
Re8# 1-0

[Event "Challenge"]
[Site "http://www.queenalice.com/game.php?id=942812"]
[Date "2011.5.26"]
[Round "-"]
[White "Cosette"]
[Black "gessi86"]
[Result "1-0"]
[WhiteElo "1529"]
[BlackElo "1277"]

1. e4 e5 2. Bc4 Nf6 3. d3 d6 4. Nc3 Nc6 5. Bb5 Ng4 6. h3 Nf6 7. Bxc6+ bxc6 8.
Nf3 c5 9. Nb5 Ba6 10. Nc3 c4 11. dxc4 Bxc4 12. b3 1-0

[Event "Challenge"]
[Site "http://www.queenalice.com/game.php?id=942814"]
[Date "2011.5.26"]
[Round "-"]
[White "gessi86"]
[Black "Cosette"]
[Result "0-1"]
[WhiteElo "1283"]
[BlackElo "1523"]

1. e4 e5 2. Nf3 d6 3. d3 Bg4 4. h3 Bd7 5. Ng5 h6 6. Nf3 Nf6 7. Nc3 a6 8. Nd5 c6
9. Ne3 b5 10. c4 bxc4 11. Nxc4 Nh5 0-1